<?xml version="1.0" encoding="UTF-8"?>
<record
    xmlns:xsi="http://www.w3.org/2001/XMLSchema-instance"
    xsi:schemaLocation="http://www.loc.gov/MARC21/slim http://www.loc.gov/standards/marcxml/schema/MARC21slim.xsd"
    xmlns="http://www.loc.gov/MARC21/slim">

  <leader>03045nam0a2200385   4500</leader>
  <controlfield tag="001">RU\NLR\BIBL_A\012338394</controlfield>
  <controlfield tag="005">20201005145657.0</controlfield>
  <datafield tag="010" ind1=" " ind2=" ">
    <subfield code="a">978-5-261-01428-7</subfield>
  </datafield>
  <datafield tag="021" ind1=" " ind2=" ">
    <subfield code="a">RU</subfield>
    <subfield code="b">&#x41A;&#x41D;-&#x41F;-20-029301</subfield>
    <subfield code="9">&#x41A;&#x41D;-&#x41F;-20-2256</subfield>
  </datafield>
  <datafield tag="035" ind1=" " ind2=" ">
    <subfield code="a">(NLR Aleph) 012338394</subfield>
  </datafield>
  <datafield tag="035" ind1=" " ind2=" ">
    <subfield code="a">(RuMoRGB)010337571</subfield>
  </datafield>
  <datafield tag="090" ind1=" " ind2=" ">
    <subfield code="a">11507780</subfield>
    <subfield code="c">11507780</subfield>
  </datafield>
  <datafield tag="100" ind1=" " ind2=" ">
    <subfield code="a">20200916d2019    k  y0rusy50      ca</subfield>
  </datafield>
  <datafield tag="101" ind1="0" ind2=" ">
    <subfield code="a">rus</subfield>
  </datafield>
  <datafield tag="102" ind1=" " ind2=" ">
    <subfield code="a">RU</subfield>
  </datafield>
  <datafield tag="105" ind1=" " ind2=" ">
    <subfield code="a">a|||z|||100zy</subfield>
  </datafield>
  <datafield tag="181" ind1=" " ind2="0">
    <subfield code="a">i</subfield>
    <subfield code="b">axxe</subfield>
  </datafield>
  <datafield tag="182" ind1=" " ind2="0">
    <subfield code="a">n</subfield>
  </datafield>
  <datafield tag="200" ind1="1" ind2=" ">
    <subfield code="a">&#x410;&#x43A;&#x442;&#x443;&#x430;&#x43B;&#x44C;&#x43D;&#x44B;&#x435; &#x43F;&#x440;&#x43E;&#x431;&#x43B;&#x435;&#x43C;&#x44B; &#x43C;&#x435;&#x442;&#x440;&#x43E;&#x43B;&#x43E;&#x433;&#x438;&#x447;&#x435;&#x441;&#x43A;&#x43E;&#x433;&#x43E; &#x43E;&#x431;&#x435;&#x441;&#x43F;&#x435;&#x447;&#x435;&#x43D;&#x438;&#x44F; &#x43D;&#x430;&#x443;&#x447;&#x43D;&#x43E;-&#x43F;&#x440;&#x430;&#x43A;&#x442;&#x438;&#x447;&#x435;&#x441;&#x43A;&#x43E;&#x439; &#x434;&#x435;&#x44F;&#x442;&#x435;&#x43B;&#x44C;&#x43D;&#x43E;&#x441;&#x442;&#x438;</subfield>
    <subfield code="e">&#x43C;&#x430;&#x442;&#x435;&#x440;&#x438;&#x430;&#x43B;&#x44B; III &#x412;&#x441;&#x435;&#x440;&#x43E;&#x441;&#x441;&#x438;&#x439;&#x441;&#x43A;&#x43E;&#x439; &#x43D;&#x430;&#x443;&#x447;&#x43D;&#x43E;-&#x43F;&#x440;&#x430;&#x43A;&#x442;&#x438;&#x447;&#x435;&#x441;&#x43A;&#x43E;&#x439; &#x43A;&#x43E;&#x43D;&#x444;&#x435;&#x440;&#x435;&#x43D;&#x446;&#x438;&#x438; &#x441; &#x43C;&#x435;&#x436;&#x434;&#x443;&#x43D;&#x430;&#x440;&#x43E;&#x434;&#x43D;&#x44B;&#x43C; &#x443;&#x447;&#x430;&#x441;&#x442;&#x438;&#x435;&#x43C; (25-27 &#x43D;&#x43E;&#x44F;&#x431;&#x440;&#x44F; 2019 &#x433;.)</subfield>
    <subfield code="f">&#x41C;&#x438;&#x43D;&#x438;&#x441;&#x442;&#x435;&#x440;&#x441;&#x442;&#x432;&#x43E; &#x43E;&#x431;&#x440;&#x430;&#x437;&#x43E;&#x432;&#x430;&#x43D;&#x438;&#x44F; &#x438; &#x43D;&#x430;&#x443;&#x43A;&#x438; &#x420;&#x43E;&#x441;&#x441;&#x438;&#x439;&#x441;&#x43A;&#x43E;&#x439; &#x424;&#x435;&#x434;&#x435;&#x440;&#x430;&#x446;&#x438;&#x438;, &#x424;&#x435;&#x434;&#x435;&#x440;&#x430;&#x43B;&#x44C;&#x43D;&#x43E;&#x435; &#x433;&#x43E;&#x441;&#x443;&#x434;&#x430;&#x440;&#x441;&#x442;&#x432;&#x435;&#x43D;&#x43D;&#x43E;&#x435; &#x430;&#x432;&#x442;&#x43E;&#x43D;&#x43E;&#x43C;&#x43D;&#x43E;&#x435; &#x43E;&#x431;&#x440;&#x430;&#x437;&#x43E;&#x432;&#x430;&#x442;&#x435;&#x43B;&#x44C;&#x43D;&#x43E;&#x435; &#x443;&#x447;&#x440;&#x435;&#x436;&#x434;&#x435;&#x43D;&#x438;&#x435; &#x432;&#x44B;&#x441;&#x448;&#x435;&#x433;&#x43E; &#x43E;&#x431;&#x440;&#x430;&#x437;&#x43E;&#x432;&#x430;&#x43D;&#x438;&#x44F; "&#x421;&#x435;&#x432;&#x435;&#x440;&#x43D;&#x44B;&#x439; (&#x410;&#x440;&#x43A;&#x442;&#x438;&#x447;&#x435;&#x441;&#x43A;&#x438;&#x439;) &#x444;&#x435;&#x434;&#x435;&#x440;&#x430;&#x43B;&#x44C;&#x43D;&#x44B;&#x439; &#x443;&#x43D;&#x438;&#x432;&#x435;&#x440;&#x441;&#x438;&#x442;&#x435;&#x442; &#x438;&#x43C;&#x435;&#x43D;&#x438; &#x41C;. &#x412;. &#x41B;&#x43E;&#x43C;&#x43E;&#x43D;&#x43E;&#x441;&#x43E;&#x432;&#x430;", &#x412;&#x44B;&#x441;&#x448;&#x430;&#x44F; &#x448;&#x43A;&#x43E;&#x43B;&#x430; &#x44D;&#x43D;&#x435;&#x440;&#x433;&#x435;&#x442;&#x438;&#x43A;&#x438;, &#x43D;&#x435;&#x444;&#x442;&#x438; &#x438; &#x433;&#x430;&#x437;&#x430;, &#x41A;&#x430;&#x444;&#x435;&#x434;&#x440;&#x430; &#x441;&#x442;&#x430;&#x43D;&#x434;&#x430;&#x440;&#x442;&#x438;&#x437;&#x430;&#x446;&#x438;&#x438;, &#x43C;&#x435;&#x442;&#x440;&#x43E;&#x43B;&#x43E;&#x433;&#x438;&#x438; &#x438; &#x441;&#x435;&#x440;&#x442;&#x438;&#x444;&#x438;&#x43A;&#x430;&#x446;&#x438;&#x438;</subfield>
    <subfield code="g">[&#x43E;&#x442;&#x432;&#x435;&#x442;&#x441;&#x442;&#x432;&#x435;&#x43D;&#x43D;&#x44B;&#x439; &#x440;&#x435;&#x434;&#x430;&#x43A;&#x442;&#x43E;&#x440;: &#x422;. &#x41C;. &#x412;&#x43B;&#x430;&#x434;&#x438;&#x43C;&#x438;&#x440;&#x43E;&#x432;&#x430;, &#x43A;&#x430;&#x43D;&#x434;&#x438;&#x434;&#x430;&#x442; &#x442;&#x435;&#x445;&#x43D;&#x438;&#x447;&#x435;&#x441;&#x43A;&#x438;&#x445; &#x43D;&#x430;&#x443;&#x43A;, &#x434;&#x43E;&#x446;&#x435;&#x43D;&#x442;]</subfield>
  </datafield>
  <datafield tag="203" ind1=" " ind2=" ">
    <subfield code="a">&#x422;&#x435;&#x43A;&#x441;&#x442;</subfield>
    <subfield code="b">&#x432;&#x438;&#x437;&#x443;&#x430;&#x43B;&#x44C;&#x43D;&#x44B;&#x439;</subfield>
    <subfield code="c">&#x43D;&#x435;&#x43F;&#x43E;&#x441;&#x440;&#x435;&#x434;&#x441;&#x442;&#x432;&#x435;&#x43D;&#x43D;&#x44B;&#x439;</subfield>
  </datafield>
  <datafield tag="210" ind1=" " ind2=" ">
    <subfield code="a">&#x410;&#x440;&#x445;&#x430;&#x43D;&#x433;&#x435;&#x43B;&#x44C;&#x441;&#x43A;</subfield>
    <subfield code="c">&#x421;&#x410;&#x424;&#x423;</subfield>
    <subfield code="d">2019</subfield>
  </datafield>
  <datafield tag="215" ind1=" " ind2=" ">
    <subfield code="a">393, [1] &#x441;.</subfield>
    <subfield code="c">&#x438;&#x43B;., &#x442;&#x430;&#x431;&#x43B;.</subfield>
    <subfield code="d">20</subfield>
  </datafield>
  <datafield tag="313" ind1=" " ind2=" ">
    <subfield code="a">&#x41F;&#x43E; &#x43F;&#x440;&#x435;&#x434;. &#x43A;&#x43E;&#x43D;&#x444;. 2018 &#x433;.</subfield>
  </datafield>
  <datafield tag="320" ind1=" " ind2=" ">
    <subfield code="a">&#x411;&#x438;&#x431;&#x43B;&#x438;&#x43E;&#x433;&#x440;. &#x432; &#x43A;&#x43E;&#x43D;&#x446;&#x435; &#x441;&#x442;.</subfield>
  </datafield>
  <datafield tag="606" ind1="1" ind2=" ">
    <subfield code="a">&#x41C;&#x435;&#x442;&#x440;&#x43E;&#x43B;&#x43E;&#x433;&#x438;&#x44F;</subfield>
    <subfield code="j">&#x421;&#x44A;&#x435;&#x437;&#x434;&#x44B;, &#x441;&#x43E;&#x432;&#x435;&#x449;&#x430;&#x43D;&#x438;&#x44F; &#x438; &#x442;.&#x43F;</subfield>
    <subfield code="2">nlr_sh1</subfield>
    <subfield code="2">nlr_sh2</subfield>
    <subfield code="3">RU\NLR\AUTH\66298</subfield>
  </datafield>
  <datafield tag="686" ind1="1" ind2=" ">
    <subfield code="a">&#x416;10&#x44F;431(2)</subfield>
  </datafield>
  <datafield tag="702" ind1=" " ind2="1">
    <subfield code="a">&#x412;&#x43B;&#x430;&#x434;&#x438;&#x43C;&#x438;&#x440;&#x43E;&#x432;&#x430;</subfield>
    <subfield code="b">&#x422;. &#x41C;.</subfield>
    <subfield code="c">&#x43A;&#x430;&#x43D;&#x434;. &#x442;&#x435;&#x445;&#x43D;. &#x43D;&#x430;&#x443;&#x43A;</subfield>
    <subfield code="f">1981-</subfield>
    <subfield code="g">&#x422;&#x430;&#x442;&#x44C;&#x44F;&#x43D;&#x430; &#x41C;&#x438;&#x445;&#x430;&#x439;&#x43B;&#x43E;&#x432;&#x43D;&#x430;</subfield>
    <subfield code="3">RU\NLR\AUTH\77102771</subfield>
    <subfield code="4">340</subfield>
  </datafield>
  <datafield tag="711" ind1="1" ind2="2">
    <subfield code="a">"&#x410;&#x43A;&#x442;&#x443;&#x430;&#x43B;&#x44C;&#x43D;&#x44B;&#x435; &#x43F;&#x440;&#x43E;&#x431;&#x43B;&#x435;&#x43C;&#x44B; &#x43C;&#x435;&#x442;&#x440;&#x43E;&#x43B;&#x43E;&#x433;&#x438;&#x447;&#x435;&#x441;&#x43A;&#x43E;&#x433;&#x43E; &#x43E;&#x431;&#x435;&#x441;&#x43F;&#x435;&#x447;&#x435;&#x43D;&#x438;&#x44F; &#x43D;&#x430;&#x443;&#x447;&#x43D;&#x43E;-&#x43F;&#x440;&#x430;&#x43A;&#x442;&#x438;&#x447;&#x435;&#x441;&#x43A;&#x43E;&#x439; &#x434;&#x435;&#x44F;&#x442;&#x435;&#x43B;&#x44C;&#x43D;&#x43E;&#x441;&#x442;&#x438;", &#x432;&#x441;&#x435;&#x440;&#x43E;&#x441;&#x441;&#x438;&#x439;&#x441;&#x43A;&#x430;&#x44F; &#x43D;&#x430;&#x443;&#x447;&#x43D;&#x43E;-&#x442;&#x435;&#x445;&#x43D;&#x438;&#x447;&#x435;&#x441;&#x43A;&#x430;&#x44F; &#x43A;&#x43E;&#x43D;&#x444;&#x435;&#x440;&#x435;&#x43D;&#x446;&#x438;&#x44F; &#x441; &#x43C;&#x435;&#x436;&#x434;&#x443;&#x43D;&#x430;&#x440;&#x43E;&#x434;&#x43D;&#x44B;&#x43C; &#x443;&#x447;&#x430;&#x441;&#x442;&#x438;&#x435;&#x43C;</subfield>
    <subfield code="d">3</subfield>
    <subfield code="f">2019</subfield>
    <subfield code="e">&#x410;&#x440;&#x445;&#x430;&#x43D;&#x433;&#x435;&#x43B;&#x44C;&#x441;&#x43A;</subfield>
    <subfield code="3">RU\NLR\AUTH\880526254</subfield>
  </datafield>
  <datafield tag="712" ind1="0" ind2="2">
    <subfield code="a">&#x421;&#x435;&#x432;&#x435;&#x440;&#x43D;&#x44B;&#x439; (&#x410;&#x440;&#x43A;&#x442;&#x438;&#x447;&#x435;&#x441;&#x43A;&#x438;&#x439;) &#x444;&#x435;&#x434;&#x435;&#x440;&#x430;&#x43B;&#x44C;&#x43D;&#x44B;&#x439; &#x443;&#x43D;&#x438;&#x432;&#x435;&#x440;&#x441;&#x438;&#x442;&#x435;&#x442; &#x438;&#x43C;. &#x41C;. &#x412;. &#x41B;&#x43E;&#x43C;&#x43E;&#x43D;&#x43E;&#x441;&#x43E;&#x432;&#x430;</subfield>
    <subfield code="c">&#x410;&#x440;&#x445;&#x430;&#x43D;&#x433;&#x435;&#x43B;&#x44C;&#x441;&#x43A;</subfield>
    <subfield code="b">&#x412;&#x44B;&#x441;&#x448;&#x430;&#x44F; &#x448;&#x43A;&#x43E;&#x43B;&#x430; &#x44D;&#x43D;&#x435;&#x440;&#x433;&#x435;&#x442;&#x438;&#x43A;&#x438;, &#x43D;&#x435;&#x444;&#x442;&#x438; &#x438; &#x433;&#x430;&#x437;&#x430;</subfield>
    <subfield code="b">&#x41A;&#x430;&#x444;&#x435;&#x434;&#x440;&#x430; &#x441;&#x442;&#x430;&#x43D;&#x434;&#x430;&#x440;&#x442;&#x438;&#x437;&#x430;&#x446;&#x438;&#x438;, &#x43C;&#x435;&#x442;&#x440;&#x43E;&#x43B;&#x43E;&#x433;&#x438;&#x438; &#x438; &#x441;&#x435;&#x440;&#x442;&#x438;&#x444;&#x438;&#x43A;&#x430;&#x446;&#x438;&#x438;</subfield>
    <subfield code="3">RU\NLR\AUTH\880526257</subfield>
    <subfield code="4">570</subfield>
  </datafield>
  <datafield tag="942" ind1=" " ind2=" ">
    <subfield code="c">BOOK</subfield>
  </datafield>
  <datafield tag="980" ind1=" " ind2=" ">
    <subfield code="a">NBR</subfield>
  </datafield>
  <datafield tag="980" ind1=" " ind2=" ">
    <subfield code="a">NB</subfield>
  </datafield>
</record>
